Statistics for CONMEBOL Members Quiz

Click here to take the quiz!

General Stats

  • This quiz has been taken 113 times
  • The average score is 10 of 10

Answer Stats

CodeAssociationCONMEBOL% Correct
ARGCONMEBOLArgentina
99%
BRACONMEBOLBrazil
98%
COLCONMEBOLColombia
98%
URUCONMEBOLUruguay
98%
CHICONMEBOLChile
96%
PERCONMEBOLPeru
95%
BOLCONMEBOLBolivia
93%
PARCONMEBOLParaguay
93%
ECUCONMEBOLEcuador
92%
VENCONMEBOLVenezuela
92%

Score Distribution

Percentile by Number Answered

Percent of People with Each Score

Your Score History

You have not taken this quiz